000 00346nam a2200133Ia 4500
008 240624s9999 xx 000 0 und d
041 _aeng
082 _a394.26 FER
100 _aFERDINAND NICOLE
245 _aEVENTS MANAGEMENT AN INTERNATIONAL APPRO
260 _c2012
_aLondon
_bSage
300 _axi, : 364 : p. : cm. ; 23
365 _cGBP
_b38
999 _c21907
_d21907